| 000 | 00627nam a2200229Ia 4500 | ||
|---|---|---|---|
| 003 | OSt | ||
| 005 | 20221006163808.0 | ||
| 006 | a|||||r|||| 00| 0 | ||
| 007 | ta | ||
| 008 | 221006b |||||||| |||| 00| 0 eng d | ||
| 024 | _a2,037 | ||
| 037 | _cTextual | ||
| 040 |
_aFML _cFML _beng |
||
| 041 |
_2eng _aeng |
||
| 082 | _aNR44, %z7, M8 -; 1 | ||
| 100 |
_aPopular Music Ed. _9675786 |
||
| 245 | 0 | _aPopular Music in India | |
| 260 |
_aNew Delhi _bManohar Publication _c1988 |
||
| 300 |
_aVarious Page _ccm. |
||
| 942 |
_hNR44, %z7, M8 -; 1 _cTEXL _2CC |
||
| 999 |
_c1115290 _d1115290 |
||